00330nam a2200121Ia 4500008004100000041000800041082001200049100002400061245003900085260004100124300003200165365001100197240624s9999 xx 000 0 und d aeng a200 ADI aADISWARANANDA SWAMI aVEDANTA WAY TO PEACE AND HAPPINESS c2008aMumbaibJaico Publishing House aviii, : 220 : p. : cm. ; 22 cRSb30